<?xml version="1.0" encoding="UTF-8"?>
<record
    xmlns:xsi="http://www.w3.org/2001/XMLSchema-instance"
    xsi:schemaLocation="http://www.loc.gov/MARC21/slim http://www.loc.gov/standards/marcxml/schema/MARC21slim.xsd"
    xmlns="http://www.loc.gov/MARC21/slim">

  <leader>     nam a22     7a 4500</leader>
  <datafield tag="999" ind1=" " ind2=" ">
    <subfield code="c">51342</subfield>
    <subfield code="d">51342</subfield>
  </datafield>
  <controlfield tag="003">OSt</controlfield>
  <controlfield tag="005">20220510165219.0</controlfield>
  <controlfield tag="008">220325b        xxu||||| |||| 00| 0 eng d</controlfield>
  <datafield tag="040" ind1=" " ind2=" ">
    <subfield code="c">IIMT COLLEGE OF PHARMACY, GREATER NOIDA</subfield>
  </datafield>
  <datafield tag="100" ind1=" " ind2=" ">
    <subfield code="a">D.H. PANCHAKSHARAPPA GOWDA</subfield>
  </datafield>
  <datafield tag="245" ind1=" " ind2=" ">
    <subfield code="a">PHARMACEUTICAL STATISTICS AND RESEARCH METHODOLOGY</subfield>
  </datafield>
  <datafield tag="260" ind1=" " ind2=" ">
    <subfield code="a">HYDERABAD</subfield>
    <subfield code="b">PHARMAMED</subfield>
    <subfield code="c">2020</subfield>
  </datafield>
  <datafield tag="300" ind1=" " ind2=" ">
    <subfield code="a">317</subfield>
  </datafield>
  <datafield tag="942" ind1=" " ind2=" ">
    <subfield code="2">ddc</subfield>
    <subfield code="c">02</subfield>
  </datafield>
  <datafield tag="952" ind1=" " ind2=" ">
    <subfield code="0">0</subfield>
    <subfield code="1">0</subfield>
    <subfield code="2">ddc</subfield>
    <subfield code="4">0</subfield>
    <subfield code="7">0</subfield>
    <subfield code="a">12</subfield>
    <subfield code="b">12</subfield>
    <subfield code="d">2022-03-25</subfield>
    <subfield code="e">KIRTI</subfield>
    <subfield code="g">395.00</subfield>
    <subfield code="i">IN-3661</subfield>
    <subfield code="l">0</subfield>
    <subfield code="p">12-B-6312</subfield>
    <subfield code="r">2022-03-25</subfield>
    <subfield code="w">2022-03-25</subfield>
    <subfield code="y">02</subfield>
  </datafield>
  <datafield tag="952" ind1=" " ind2=" ">
    <subfield code="0">0</subfield>
    <subfield code="1">0</subfield>
    <subfield code="2">ddc</subfield>
    <subfield code="4">0</subfield>
    <subfield code="7">0</subfield>
    <subfield code="a">12</subfield>
    <subfield code="b">12</subfield>
    <subfield code="d">2022-03-25</subfield>
    <subfield code="e">KIRTI</subfield>
    <subfield code="g">395.00</subfield>
    <subfield code="i">IN-3661</subfield>
    <subfield code="l">1</subfield>
    <subfield code="p">12-B-6313</subfield>
    <subfield code="r">2022-06-24</subfield>
    <subfield code="s">2022-03-31</subfield>
    <subfield code="w">2022-03-25</subfield>
    <subfield code="y">02</subfield>
  </datafield>
  <datafield tag="952" ind1=" " ind2=" ">
    <subfield code="0">0</subfield>
    <subfield code="1">0</subfield>
    <subfield code="2">ddc</subfield>
    <subfield code="4">0</subfield>
    <subfield code="7">0</subfield>
    <subfield code="a">12</subfield>
    <subfield code="b">12</subfield>
    <subfield code="d">2022-03-25</subfield>
    <subfield code="e">KIRTI</subfield>
    <subfield code="g">395.00</subfield>
    <subfield code="i">IN-3661</subfield>
    <subfield code="l">2</subfield>
    <subfield code="p">12-B-6314</subfield>
    <subfield code="r">2024-05-21</subfield>
    <subfield code="s">2024-04-16</subfield>
    <subfield code="w">2022-03-25</subfield>
    <subfield code="y">02</subfield>
  </datafield>
  <datafield tag="952" ind1=" " ind2=" ">
    <subfield code="0">0</subfield>
    <subfield code="1">0</subfield>
    <subfield code="2">ddc</subfield>
    <subfield code="4">0</subfield>
    <subfield code="7">0</subfield>
    <subfield code="a">12</subfield>
    <subfield code="b">12</subfield>
    <subfield code="d">2022-03-25</subfield>
    <subfield code="e">KIRTI</subfield>
    <subfield code="g">395.00</subfield>
    <subfield code="i">IN-3661</subfield>
    <subfield code="l">2</subfield>
    <subfield code="p">12-B-6315</subfield>
    <subfield code="r">2022-06-15</subfield>
    <subfield code="s">2022-06-14</subfield>
    <subfield code="w">2022-03-25</subfield>
    <subfield code="y">02</subfield>
  </datafield>
  <datafield tag="952" ind1=" " ind2=" ">
    <subfield code="0">0</subfield>
    <subfield code="1">0</subfield>
    <subfield code="2">ddc</subfield>
    <subfield code="4">0</subfield>
    <subfield code="7">0</subfield>
    <subfield code="a">12</subfield>
    <subfield code="b">12</subfield>
    <subfield code="d">2022-03-25</subfield>
    <subfield code="e">KIRTI</subfield>
    <subfield code="g">395.00</subfield>
    <subfield code="i">IN-3661</subfield>
    <subfield code="l">2</subfield>
    <subfield code="p">12-B-6316</subfield>
    <subfield code="r">2026-04-26</subfield>
    <subfield code="s">2026-03-24</subfield>
    <subfield code="w">2022-03-25</subfield>
    <subfield code="y">02</subfield>
  </datafield>
  <datafield tag="952" ind1=" " ind2=" ">
    <subfield code="0">0</subfield>
    <subfield code="1">0</subfield>
    <subfield code="2">ddc</subfield>
    <subfield code="4">0</subfield>
    <subfield code="7">0</subfield>
    <subfield code="a">12</subfield>
    <subfield code="b">12</subfield>
    <subfield code="d">2022-03-25</subfield>
    <subfield code="e">KIRTI</subfield>
    <subfield code="g">395.00</subfield>
    <subfield code="i">IN-3661</subfield>
    <subfield code="l">2</subfield>
    <subfield code="p">12-B-6317</subfield>
    <subfield code="r">2024-07-02</subfield>
    <subfield code="s">2024-05-09</subfield>
    <subfield code="w">2022-03-25</subfield>
    <subfield code="y">02</subfield>
  </datafield>
  <datafield tag="952" ind1=" " ind2=" ">
    <subfield code="0">0</subfield>
    <subfield code="1">0</subfield>
    <subfield code="2">ddc</subfield>
    <subfield code="4">0</subfield>
    <subfield code="7">0</subfield>
    <subfield code="a">12</subfield>
    <subfield code="b">12</subfield>
    <subfield code="d">2022-03-25</subfield>
    <subfield code="e">KIRTI</subfield>
    <subfield code="g">395.00</subfield>
    <subfield code="i">IN-3661</subfield>
    <subfield code="l">3</subfield>
    <subfield code="p">12-B-6318</subfield>
    <subfield code="r">2024-09-26</subfield>
    <subfield code="s">2024-05-09</subfield>
    <subfield code="w">2022-03-25</subfield>
    <subfield code="y">02</subfield>
  </datafield>
  <datafield tag="952" ind1=" " ind2=" ">
    <subfield code="0">0</subfield>
    <subfield code="1">0</subfield>
    <subfield code="2">ddc</subfield>
    <subfield code="4">0</subfield>
    <subfield code="7">0</subfield>
    <subfield code="a">12</subfield>
    <subfield code="b">12</subfield>
    <subfield code="d">2022-03-25</subfield>
    <subfield code="e">KIRTI</subfield>
    <subfield code="g">395.00</subfield>
    <subfield code="i">IN-3661</subfield>
    <subfield code="l">2</subfield>
    <subfield code="p">12-B-6319</subfield>
    <subfield code="r">2023-07-01</subfield>
    <subfield code="s">2023-03-22</subfield>
    <subfield code="w">2022-03-25</subfield>
    <subfield code="y">02</subfield>
  </datafield>
  <datafield tag="952" ind1=" " ind2=" ">
    <subfield code="0">0</subfield>
    <subfield code="1">0</subfield>
    <subfield code="2">ddc</subfield>
    <subfield code="4">0</subfield>
    <subfield code="7">0</subfield>
    <subfield code="a">12</subfield>
    <subfield code="b">12</subfield>
    <subfield code="d">2022-03-25</subfield>
    <subfield code="e">KIRTI</subfield>
    <subfield code="g">395.00</subfield>
    <subfield code="i">IN-3661</subfield>
    <subfield code="l">1</subfield>
    <subfield code="p">12-B-6320</subfield>
    <subfield code="r">2022-06-22</subfield>
    <subfield code="s">2022-05-04</subfield>
    <subfield code="w">2022-03-25</subfield>
    <subfield code="y">02</subfield>
  </datafield>
  <datafield tag="952" ind1=" " ind2=" ">
    <subfield code="0">0</subfield>
    <subfield code="1">0</subfield>
    <subfield code="2">ddc</subfield>
    <subfield code="4">0</subfield>
    <subfield code="7">0</subfield>
    <subfield code="a">12</subfield>
    <subfield code="b">12</subfield>
    <subfield code="d">2022-03-25</subfield>
    <subfield code="e">KIRTI</subfield>
    <subfield code="g">395.00</subfield>
    <subfield code="i">IN-3661</subfield>
    <subfield code="l">3</subfield>
    <subfield code="p">12-B-6321</subfield>
    <subfield code="r">2025-06-03</subfield>
    <subfield code="s">2025-02-27</subfield>
    <subfield code="w">2022-03-25</subfield>
    <subfield code="y">02</subfield>
  </datafield>
</record>
